Towards a practical Dalit theology : (Record no. 8153)

MARC details
000 -LEADER
fixed length control field 01752cam a2200457 i 4500
001 - CONTROL NUMBER
control field 19494436
003 - CONTROL NUMBER IDENTIFIER
control field GBCCL
005 - DATE AND TIME OF LATEST TRANSACTION
control field 20241126110644.0
008 - FIXED-LENGTH DATA ELEMENTS--GENERAL INFORMATION
fixed length control field 160707s2016 ii b 000 0 eng d
010 ## -
-- 2016362467
020 ## - INTERNATIONAL STANDARD BOOK NUMBER
International Standard Book Number 9788184655353 (paperback)
020 ## - INTERNATIONAL STANDARD BOOK NUMBER
International Standard Book Number 8184655355 (paperback)
025 ## - OVERSEAS ACQUISITION NUMBER
Overseas acquisition number I-E-2016362467 ; 13-91
035 ## - SYSTEM CONTROL NUMBER
System control number (OCoLC)ocn953148687
035 ## - SYSTEM CONTROL NUMBER
System control number (OCoLC)953148687
037 ## - SOURCE OF ACQUISITION
Source of stock number/acquisition Library of Congress -- New Delhi Overseas Office
040 ## - CATALOGING SOURCE
Original cataloging agency DKAGE
Language of cataloging eng
Description conventions rda
Transcribing agency DKAGE
Modifying agency OCLCQ
-- OCLCO
-- OCLCF
-- DLC
042 ## -
-- lccopycat
-- lcode
043 ## -
-- a-ii---
050 00 -
-- BR1155
-- .V45 2016
082 04 - DEWEY DECIMAL CLASSIFICATION NUMBER
Classification number 230.08694
Edition information 23
Item number MAN
100 1# - MAIN ENTRY--PERSONAL NAME
Personal name Vincent Manoharan, J.,
Relator term author.
9 (RLIN) 14197
245 10 - TITLE STATEMENT
Title Towards a practical Dalit theology :
Remainder of title the status and relevance of Dalit theology among grass roots Dalit Christians in their struggle against caste oppression /
Statement of responsibility, etc. Vincent Manoharan.
264 #1 - PRODUCTION, PUBLICATION, DISTRIBUTION, MANUFACTURE, AND COPYRIGHT NOTICE
Place of production, publication, distribution, manufacture Delhi, [India] :
Name of producer, publisher, distributor, manufacturer ISPCK,
Date of production, publication, distribution, manufacture, or copyright notice 2016.
300 ## - PHYSICAL DESCRIPTION
Extent xxiv, 211 pages ;
Dimensions 24 cm
336 ## - CONTENT TYPE
Content type term text
Content type code txt
Source rdacontent
337 ## - MEDIA TYPE
Media type term unmediated
Media type code n
Source rdamedia
338 ## - CARRIER TYPE
Carrier type term volume
Carrier type code nc
Source rdacarrier
504 ## - BIBLIOGRAPHY, ETC. NOTE
Bibliography, etc. note Includes bibliographical references (pages 200-211).
520 ## - SUMMARY, ETC.
Summary, etc. With reference to India.
650 #0 - SUBJECT ADDED ENTRY--TOPICAL TERM
Topical term or geographic name entry element Christianity
Geographic subdivision India.
9 (RLIN) 1017
650 #0 - SUBJECT ADDED ENTRY--TOPICAL TERM
Topical term or geographic name entry element Theology, Doctrinal
Geographic subdivision India.
9 (RLIN) 894
650 #0 - SUBJECT ADDED ENTRY--TOPICAL TERM
Topical term or geographic name entry element Dalits
Geographic subdivision India
General subdivision Religion.
9 (RLIN) 1022
650 #0 - SUBJECT ADDED ENTRY--TOPICAL TERM
Topical term or geographic name entry element Liberation theology
Geographic subdivision India.
9 (RLIN) 1286
650 #0 - SUBJECT ADDED ENTRY--TOPICAL TERM
Topical term or geographic name entry element Church and social problems
Geographic subdivision India.
9 (RLIN) 1133
650 #0 - SUBJECT ADDED ENTRY--TOPICAL TERM
Topical term or geographic name entry element Religion and social problems
Geographic subdivision India.
9 (RLIN) 14198
710 2# - ADDED ENTRY--CORPORATE NAME
Corporate name or jurisdiction name as entry element I.S.P.C.K. (Organization),
Relator term publisher.
9 (RLIN) 393
906 ## - LOCAL DATA ELEMENT F, LDF (RLIN)
a 7
b cbc
c copycat
d 3
e ncip
f 20
g y-gencatlg
942 ## - ADDED ENTRY ELEMENTS (KOHA)
Source of classification or shelving scheme Dewey Decimal Classification
Koha item type Books
Koha issues (borrowed), all copies 5
Holdings
Withdrawn status Lost status Source of classification or shelving scheme Damaged status Not for loan Home library Current Library Shelving location Date acquired Source of acquisition Cost, normal purchase price Total checkouts Total renewals Full call number Barcode Date last seen Date last checked out Copy number Cost, replacement price Price effective from Koha item type
    Dewey Decimal Classification     GRACE BIBLE COLLEGE GRACE BIBLE COLLEGE Theology 2019-06-17 6 280.00 5 1 230.08694 MAN 013643 2025-05-01 2024-09-03 c.1 280.00 2019-06-17 Books
© Grace Bible College Library 2025